Крым, я люблю тебя (Запись № 10879192)
[ простой вид ]
| 000 -МАРКЕР | |
|---|---|
| контрольное поле | 01761nam0a2200385 i 4500 |
| 001 - ИДЕНТИФИКАТОР ЗАПИСИ | |
| контрольное поле | RU\NLR\BIBL_A\010982163 |
| 005 - ИДЕНТИФИКАТОР ВЕРСИИ | |
| контрольное поле | 20260406141217.0 |
| 010 ## - МЕЖДУНАРОДНЫЙ СТАНДАРТНЫЙ НОМЕР КНИГИ (ISBN) | |
| Номер (ISBN) | 9785699818891 |
| Тираж | 5000 |
| 021 ## - НОМЕР ГОСУДАРСТВЕННОЙ РЕГИСТРАЦИИ | |
| Код страны | Российская Федерация |
| Номер | 2016-3481 |
| Номер Листа государственной регистраци | 211 |
| 035 ## - ДРУГИЕ СИСТЕМНЫЕ НОМЕРА | |
| Идентификатор записи | (NILC)RuMoRGB-008124145 |
| 035 ## - ДРУГИЕ СИСТЕМНЫЕ НОМЕРА | |
| Идентификатор записи | (NLR Aleph) 010982163 |
| 100 ## - ДАННЫЕ ОБЩЕЙ ОБРАБОТКИ | |
| Данные общей обработки | 20160216d2015 km y0rusy50 ca |
| 101 0# - ЯЗЫК РЕСУРСА | |
| Язык текста, звукозаписи и т.д. | русский |
| 102 ## - СТРАНА ПУБЛИКАЦИИ ИЛИ ПРОИЗВОДСТВА | |
| Страна публикации | Российская Федерация |
| 105 ## - ПОЛЕ КОДИРОВАННЫХ ДАННЫХ: ТЕКСТОВЫЕ МАТЕРИАЛЫ, МОНОГРАФИЧЕСКИЕ | |
| Кодированные данные о монографическом текстовом документе | y z 000yy |
| 200 1# - ЗАГЛАВИЕ И СВЕДЕНИЯ ОБ ОТВЕТСТВЕННОСТИ | |
| Основное заглавие | Крым, я люблю тебя |
| Сведения, относящиеся к заглавию | 42 рассказа о Крыме |
| -- | [сборник рассказов 36 современных писателей] |
| Первые сведения об ответственности | Андрей Битов, Михаил Елизаров, Роман Сенчин, Вадим Левенталь и др. |
| Последующие сведения об ответственности | сост.: Ирина Горюнова |
| 210 ## - ПУБЛИКАЦИЯ, РАСПРОСТРАНЕНИЕ И ДР. | |
| Место издания, распространения и т.д. | Москва |
| Имя издателя, распространителя и т. д. | Эксмо |
| Дата издания, распространения и т.д. | 2015 |
| 215 ## - ФИЗИЧЕСКАЯ ХАРАКТЕРИСТИКА | |
| Специфическое обозначение материала и объем | 538, [1] с. |
| Размеры | 21 |
| 225 1# - СЕРИЯ | |
| Основное заглавие серии | Мастера прозы |
| 333 ## - ПРИМЕЧАНИЯ ОБ ОСОБЕННОСТЯХ РАСПРОСТРАНЕНИЯ И ИСПОЛЬЗОВАНИЯ | |
| Текст примечания | 16+ |
| 675 ## - УНИВЕРСАЛЬНАЯ ДЕСЯТИЧНАЯ КЛАССИФИКАЦИЯ (UDC/УДК) | |
| Индекс | 821.161.1 |
| 686 2# - ИНДЕКСЫ ДРУГИХ КЛАССИФИКАЦИЙ | |
| Индекс | Ш6(2=Р)8-440.5 |
| 701 #1 - ИМЯ ЛИЦА - АЛЬТЕРНАТИВНАЯ ОТВЕТСТВЕННОСТЬ | |
| Материалы, к которым относится поле | rus |
| Графика поля | Кириллица |
| Начальный элемент ввода | Битов |
| Часть имени, кроме начального элемента ввода | А. Г. |
| Даты | 1937-2018 |
| Расширение инициалов личного имени | Андрей Георгиевич |
| Идентификатор авторитетной/нормативной записи | RU\NLR\AUTH\773384 |
| Системный номер авторитетной/нормативной записи | 113380 |
| 701 #1 - ИМЯ ЛИЦА - АЛЬТЕРНАТИВНАЯ ОТВЕТСТВЕННОСТЬ | |
| Начальный элемент ввода | Елизаров |
| Часть имени, кроме начального элемента ввода | М. Ш. |
| Даты | 1949- |
| Расширение инициалов личного имени | Михаил Шавадович |
| Системный номер авторитетной/нормативной записи | 133018 |
| Идентификатор авторитетной/нормативной записи | RU\NLR\AUTH\770133052 |
| 701 #1 - ИМЯ ЛИЦА - АЛЬТЕРНАТИВНАЯ ОТВЕТСТВЕННОСТЬ | |
| Графика поля | Кириллица |
| Материалы, к которым относится поле | rus |
| Начальный элемент ввода | Сенчин |
| Часть имени, кроме начального элемента ввода | Р. В. |
| Даты | 1971 - |
| Расширение инициалов личного имени | Роман Валерьевич |
| Системный номер авторитетной/нормативной записи | 128894 |
| Идентификатор авторитетной/нормативной записи | RU\NLR\AUTH\770128925 |
| 701 #1 - ИМЯ ЛИЦА - АЛЬТЕРНАТИВНАЯ ОТВЕТСТВЕННОСТЬ | |
| Код отношения | Автор |
| Начальный элемент ввода | Левенталь |
| Часть имени, кроме начального элемента ввода | В. А. |
| Даты | 1981- |
| Расширение инициалов личного имени | Вадим Андреевич |
| Идентификатор авторитетной/нормативной записи | RU\NLR\AUTH\770158628 |
| Системный номер авторитетной/нормативной записи | 158587 |
| 702 #1 - ИМЯ ЛИЦА - ВТОРИЧНАЯ ОТВЕТСТВЕННОСТЬ | |
| Код отношения | Составитель |
| Начальный элемент ввода | Горюнова |
| Часть имени, кроме начального элемента ввода | И.С. |
| Даты | 1972- |
| Расширение инициалов личного имени | Ирина Стояновна |
| Идентификатор авторитетной/нормативной записи | RU\NLR\AUTH\770147212 |
| Системный номер авторитетной/нормативной записи | 147176 |
| 801 #0 - ИСТОЧНИК ЗАПИСИ | |
| Страна | Российская Федерация |
| Организация | РГБ |
| Дата составления | 20160125 |
| Правила каталогизации | RCR |
| 801 #2 - ИСТОЧНИК ЗАПИСИ | |
| Страна | Российская Федерация |
| Организация | РГБ |
| Дата составления | 20160128 |
| Правила каталогизации | rcr |
| 942 ## - ДОПОЛНИТЕЛЬНЫЕ ЭЛЕМЕНТЫ ЗАПИСИ (АБИС) | |
| Тип экземпляра АБИС | Книга |
| 980 ## - КОЛЛЕКЦИЯ | |
| Название коллекции | НБР |
Нет доступных экземпляров.